000
00222 a2200097 4500
020
_a
9788126440818
100
_a
Muttathu Varkey
245
_a
Jagajilly(ജഗജില്ലി)
260
_b
D C books
_c
2025
942
_c
OO
999
_c
115314
_d
115313